Zvyšovanie efektívnosti riadenia logistických procesov

Úvod do problematiky zefektívňovania logistických procesov. Nové prístupy pri zefektívňovaní logistických procesov. Rôzne formalizované techniky, ktoré slúžia na optimalizáciu priebehu jednotlivých logistických činností. Softvérová podpora modelovacích techník. Simulačné techniky. Optimalizačné tech...

ver descrição completa

Na minha lista:
Detalhes bibliográficos
Autor principal: Brezina, Ivan, 1963-
Outros Autores: Čičková, Zuzana, 1978-, Reiff, Marian, 1978-
Formato: Capítulo de Livro
Idioma:eslovaco
inglês
Assuntos:
Tags: Adicionar Tag
Sem tags, seja o primeiro a adicionar uma tag!

MARC

LEADER 00000naa$a2200000$$$4500
001 0007430
005 20240502071351.8
041 0 |a slo 
041 0 |a eng 
044 |a SK 
245 1 0 |a Zvyšovanie efektívnosti riadenia logistických procesov 
520 |a Úvod do problematiky zefektívňovania logistických procesov. Nové prístupy pri zefektívňovaní logistických procesov. Rôzne formalizované techniky, ktoré slúžia na optimalizáciu priebehu jednotlivých logistických činností. Softvérová podpora modelovacích techník. Simulačné techniky. Optimalizačné techniky. Optimalizácia logistických reťazcov. Zabezpečenie výrobného procesu. Logistika obstarávania. 
610 2 0 |a proces výrobný 
610 2 0 |a náklady 
610 2 0 |a obstarávanie 
610 2 0 |a distribúcia 
610 2 0 |a metódy optimalizačné 
610 2 0 |a reťazce logistické 
610 2 0 |a modelovanie 
100 1 |a Brezina, Ivan, 1963- 
700 1 |a Čičková, Zuzana, 1978- 
700 1 |a Reiff, Marian, 1978-